00306nam a2200145Ia 4500100001600000650002400016250000600040366000700046654001200053245002400065260002900089082002100118300000900139546001200148 aRajput/R.K  aThermal engineering a7 f10 athermal aThermal Engineering bLaxmi publicationsc2009 a621.402/RAJbRAJ a1679 aENGLISH